000 00510nam a2200181Ia 4500
003 GCL
008 140319s9999 xx 000 0 ara d
040 _aGCL /
_cGCL
082 0 4 _a810.9
_bم ج
100 1 _aمحمد حسين هيكل
245 1 0 _aجان جاك روسو : حياته وكتبة /
_cمحمد حسين هيكل
260 _a[S.N] :
_bدار المعارف ،
_c1990
300 _a277 ص
490 _a
650 0 4 _aالتربية
650 0 4 _aجان جاك روسو
942 _2ddc
_cBK
999 _c53127
_d53127